| 000 | 00593 a2200193 4500 | ||
|---|---|---|---|
| 020 | _a0691049904 | ||
| 020 | _a9780691049908 | ||
| 082 | 0 | 4 | _a512.8 |
| 090 |
_c858 _d858 |
||
| 100 | 1 | _aChevalley, Claude. | |
| 245 | 1 | 0 |
_aTheory of lie groups / _cClaude Chevalley. |
| 260 |
_a[S.l.] : _bPrinceton University Press, _c1946 |
||
| 300 |
_a232 p. ; _c22 cm. |
||
| 490 | 1 | _aPms-8. | |
| 700 | _aChevalley, Claude. | ||
| 830 | 0 | _aPms-8. | |
| 942 |
_aSNS _cBK _k512.8 CHE |
||
| 999 |
_c29481 _d29481 |
||